000 00872nam a2200265 i 4500
001 000027290
003 DO-SdBNP
005 20241030114426.0
007 ta
008 110331s1998 dr d 000 0 spa d
040 _aDO-SdBNP
_bspa
_cBNPHU
_e rda
049 _aBNPD
082 4 _bD812c
_222
100 1 _aDuarte, Isis
_92123
245 1 0 _aCultura política y democracia en la República Dominicana /
_cIsis Duarte, Ramonina Brea, Ramón Tejada Holguín.
264 _aSanto Domingo :
_bPUCMM,
_c199
300 _a163 páginas :
_bdiágramas ;
_c28 cm.
336 _2rdacontent
_atexto
_btxt
337 _2rdamedia
_asin mediación
_bnc
338 _2rdacarrier
_avolumen
_bn
500 _aIncluye referencias bibliográficas y notas al pie de las páginas
700 1 _aBrea, Ramonina
_98319
700 1 _aTejada Holguín, Ramón,
_d1961-
_929856
942 _2ddc
_cLBS1
999 _c26782
_d26782